Banderas de los Sujetos Federales de Rusia - Estadísticas

Estadísticas generales
  • Esta prueba ha sido intentada 125 veces
  • La puntuación promedio es 18 de 89
Estadísticas de respuestas
Imagen Hint Respuesta % Correcto
Ciudad Federal Moscú
97%
Ciudad Federal San Petersburgo
86%
Ciudad Federal Sebastopol
69%
República Chechenia
48%
Óblast Autónomo Óblast Autónomo Hebreo
48%
República (En disputa) Crimea
45%
República Adigueya
41%
República (En disputa) Donetsk
41%
República (En disputa) Lugansk
41%
Óblast Sajalín
41%
República Daguestán
38%
Krai Krasnodar
38%
República Sajá
38%
Krai Kamchatka
34%
Distrito Autónomo Nenetsia
34%
República Osetia del Norte-Alania
34%
República Ingusetia
31%
Distrito Autónomo Janti-Mansi
31%
Krai Altái
28%
República Carelia
28%
Distrito Autónomo Chukotka
28%
República Kalmukia
28%
República Tartaristán
28%
República Tuvá
28%
República Udmurtia
28%
Óblast Volgogrado
28%
Óblast Kaliningrado
24%
Krai Perm
24%
Distrito Autónomo Yamalia-Nenetsia
24%
República Altái
21%
Óblast Arcángel
21%
República Chuvasia
21%
República Mari El
21%
República Mordovia
21%
Óblast Moscú
21%
Óblast Amur
17%
Óblast Astracán
17%
Krai Jabárovsk
17%
República Komi
17%
Óblast Kursk
17%
Krai Primorie
17%
Krai Stávropol
17%
Óblast Cheliábinsk
14%
Óblast Irkutsk
14%
Óblast Ivánovo
14%
República Jakasia
14%
República Karacháyevo-Cherkesia
14%
Óblast Kostromá
14%
Óblast Kurgán
14%
Óblast Leningrado
14%
Óblast Múrmansk
14%
Óblast Pskov
14%
Óblast Tambov
14%
Óblast Vladímir
14%
Óblast Yaroslavl
14%
Óblast Bélgorod
10%
Óblast Briansk
10%
República Kabardia-Balkari
10%
Óblast Kaluga
10%
Óblast Kírov
10%
Óblast Lípetsk
10%
Óblast Magadán
10%
Óblast Omsk
10%
Óblast Penza
10%
Óblast Samara
10%
Óblast Tomsk
10%
Óblast Tula
10%
Óblast Tver
10%
Óblast Uliánovsk
10%
Óblast Vólogda
10%
Óblast Vorónezh
10%
República Baskortorstán
7%
Óblast Jersón
7%
Óblast Kémerovo
7%
Óblast Nizhni Nóvgorod
7%
Óblast Nóvgorod
7%
Óblast Oremburgo
7%
Óblast Oriol
7%
Óblast Riazán
7%
Óblast Rostov
7%
Óblast Sarátov
7%
Óblast Sverdlovsk
7%
Óblast Tiumén
7%
Óblast (En disputa) Zaporiyia
7%
República Bauriatia
3%
Krai Krasnoyark
3%
Óblast Smolensk
3%
Óblast Novosibirnsk
0%
Krai Transbaikalia
0%
No se encontraron pruebas coincidentes
Distribución de puntuación
Porcentaje de gente con cada puntuación
Porcentaje por número respondido
Historial de tus puntuaciones
No has intentado esta prueba.